000
00342nam a2200169Ia 4500
100
_a
Tiwana Amrit Bir
650
_a
Projects
490
_v
1
942
_c
BK
366
_f
25
245
_a
Electronic Projects-Handbook
260
_b
BPB
_c
2011
082
_a
621.3
_b
TIW
300
_a
320
546
_a
ENGLISH
_c
PAMPHALETS
999
_c
18583
_d
18583